<?xml version="1.0" encoding="UTF-8"?>
<record
    xmlns:xsi="http://www.w3.org/2001/XMLSchema-instance"
    xsi:schemaLocation="http://www.loc.gov/MARC21/slim http://www.loc.gov/standards/marcxml/schema/MARC21slim.xsd"
    xmlns="http://www.loc.gov/MARC21/slim">

  <leader>00495nam a2200145Ia 4500</leader>
  <controlfield tag="008">220603s9999    xx            000 0 und d</controlfield>
  <datafield tag="082" ind1=" " ind2=" ">
    <subfield code="a">610.7365</subfield>
    <subfield code="b">JAD</subfield>
  </datafield>
  <datafield tag="100" ind1=" " ind2=" ">
    <subfield code="a">Jadhav Pratibha</subfield>
    <subfield code="9">93188</subfield>
  </datafield>
  <datafield tag="245" ind1=" " ind2=" ">
    <subfield code="a">Study to assess the effectiveness of music therapy on communication skill of autistic children in selected autistic center bangalore</subfield>
  </datafield>
  <datafield tag="260" ind1=" " ind2=" ">
    <subfield code="a">Bangalore</subfield>
    <subfield code="b">Rajiv Gandhi University of Health Sciences</subfield>
    <subfield code="c">2009</subfield>
  </datafield>
  <datafield tag="300" ind1=" " ind2=" ">
    <subfield code="a">117p</subfield>
  </datafield>
  <datafield tag="365" ind1=" " ind2=" ">
    <subfield code="b">Rs.</subfield>
  </datafield>
  <datafield tag="542" ind1=" " ind2=" ">
    <subfield code="b">MSC</subfield>
  </datafield>
  <datafield tag="999" ind1=" " ind2=" ">
    <subfield code="c">57398</subfield>
    <subfield code="d">57398</subfield>
  </datafield>
  <datafield tag="952" ind1=" " ind2=" ">
    <subfield code="0">0</subfield>
    <subfield code="1">0</subfield>
    <subfield code="4">0</subfield>
    <subfield code="7">0</subfield>
    <subfield code="8">P</subfield>
    <subfield code="a">BTIN</subfield>
    <subfield code="b">BTIN</subfield>
    <subfield code="d">2009-09-25</subfield>
    <subfield code="e">New PPC Copy Center</subfield>
    <subfield code="g">254.00</subfield>
    <subfield code="i">V52</subfield>
    <subfield code="l">0</subfield>
    <subfield code="o">P 610.7365 JAD PR0052</subfield>
    <subfield code="p">BTIN-PR-52</subfield>
    <subfield code="r">2022-08-10 00:00:00</subfield>
    <subfield code="w">2009-09-25</subfield>
    <subfield code="y">DN</subfield>
    <subfield code="z">PR000052</subfield>
  </datafield>
</record>
